Central Library OPAC University of Rajshahi

Map and landscape / (Record no. 8549)

MARC details
000 -LEADER
fixed length control field 00726nam a2200229 a 4500
001 - CONTROL NUMBER
control field 8549
003 - CONTROL NUMBER IDENTIFIER
rucl marc code BD-RjUL
005 - DATE AND TIME OF LATEST TRANSACTION
control field 20211208234617.0
008 - FIXED-LENGTH DATA ELEMENTS--GENERAL INFORMATION
fixed length control field 140118s1952 enkaf 001 0 eng d
035 ## - SYSTEM CONTROL NUMBER
System control number (BD-RjUL)8594
040 ## - CATALOGING SOURCE
Original cataloging agency VMOU
Language of cataloging eng
Transcribing agency VMOU
Modifying agency BD-RjUL
041 ## - LANGUAGE CODE
Language code of text/sound track or separate title eng
082 00 - DEWEY DECIMAL CLASSIFICATION NUMBER
Classification number 526.98
Edition number 19
Author mark and year SYM 1952
100 1# - MAIN ENTRY--PERSONAL NAME
Personal name Sylvester, Dorothy,
Dates associated with a name 1906-
9 (RLIN) 26619
245 10 - TITLE STATEMENT
Title Map and landscape /
Statement of responsibility, etc. by Dorothy Sylvester.
260 ## - PUBLICATION, DISTRIBUTION, ETC. (IMPRINT)
Place of publication, distribution, etc. London :
Name of publisher, distributor, etc. Philip and Son,
Date of publication, distribution, etc. 1952.
300 ## - PHYSICAL DESCRIPTION
Pagination xvi, 287 p., [8] p. of plates :
Illustrations ill., maps ;
Size 23 cm.
500 ## - GENERAL NOTE
General note Includes index.
650 #0 - SUBJECT ADDED ENTRY--TOPICAL TERM
Topical term or geographic name as entry element Physical geography
General subdivision Examinations, questions, etc.
9 (RLIN) 26620
Topical term or geographic name as entry element Physical geography
General subdivision Problems, exercises, etc.
9 (RLIN) 26621
942 ## - ADDED ENTRY ELEMENTS (KOHA)
Source of classification or shelving scheme Dewey Decimal Classification
Koha item type Books
Holdings
Lost status Source of classification or shelving scheme Damaged status Not for loan Collection code Permanent Location Current Location Shelving location Date acquired Source of acquisition Cost, normal purchase price Total Checkouts Full call number Date last seen Copy number Koha item type
  Dewey Decimal Classification   Not For Loan Non-fiction Central Library, University of Rajshahi Central Library, University of Rajshahi   14/12/1957 B.A. Black Well 1.86   526.98 SYM 1952 18/01/2014 C-1 Books
  Dewey Decimal Classification     Non-fiction Central Library, University of Rajshahi Central Library, University of Rajshahi   24/11/1965 Zeitlinger 28.60   526.98 SYM 1952 21/01/2014 C-4 Books
  Dewey Decimal Classification     Non-fiction Central Library, University of Rajshahi Central Library, University of Rajshahi   24/11/1965 Zeitlinger 28.60   526.98 SYM 1952 18/09/2016 C-2 Books
  Dewey Decimal Classification     Non-fiction Central Library, University of Rajshahi Central Library, University of Rajshahi   13/04/2009 lahore : mirza book agency 21.37   526.98 SYM 1952 25/09/2016 C-3 Books
  Dewey Decimal Classification     Non-fiction Central Library, University of Rajshahi Central Library, University of Rajshahi   07/03/1956 B. H. Blackwell 1.50   526.98 SYM 1952 29/03/2017 C-5 Books